LIBRARY & INFORMATION CENTRE, KCAET, TAVANUR

ONLINE PUBLIC ACCESS CATALOGUE (OPAC)

Aspects of the short stry / (Record no. 3369)

MARC details
000 -LEADER
fixed length control field 00344cam a2200145ua 4500
041 ## - LANGUAGE CODE
Language code of text/sound track or separate title eng
082 ## - DEWEY DECIMAL CLASSIFICATION NUMBER
Classification number 823.301
Item number JOH/BL
100 ## - MAIN ENTRY--AUTHOR NAME
Personal name Black, E L .
245 ## - TITLE STATEMENT
Title Aspects of the short stry /
260 ## - PUBLICATION, DISTRIBUTION, ETC. (IMPRINT)
Place of publication :
Name of publisher John Murray ,
Year of publication 1965.
300 ## - PHYSICAL DESCRIPTION
Number of Pages 176 ; .
942 ## - ADDED ENTRY ELEMENTS (KOHA)
Koha item type Books
Holdings
Withdrawn status Lost status Damaged status Home library Current library Date acquired Cost, normal purchase price Full call number Accession Number Koha item type Public note
Withdrawn     KAUAET Malayalam University 07/04/2012 6.60 823.301 6888 Books Transferred to Malayalam University
free website counter